000 00510nam a2200181Ia 4500
999 _c28420
_d28420
003 OSt
005 20201230121525.0
008 190216s9999||||xx |||||||||||||| ||und||
020 _a9788130001647
040 _coclc
082 _a700
_bSRE/M
100 _aSreekumar, K
_97440
245 0 _aMalayala Sangeetha Nadaka Charithram /
_cK Sreekumar
260 _bPoorna Publications,
_aKozhikode:
_c2004.
300 _a382p
650 _aPadanam
942 _cBK
_2ddc
_h700
_iSRE/M
_k700
_mSRE/M